| 000 | 00502nam a22001937a 4500 | ||
|---|---|---|---|
| 001 | BT-PhCST | ||
| 003 | BT-PhCST | ||
| 005 | 20190204171531.0 | ||
| 008 | 150727b xxu||||| |||| 00| 0 eng d | ||
| 020 | _a0078812798 | ||
| 040 |
_aBT-PhCST _cBT-PhCST _dBT-PhCST |
||
| 050 | _aD136 | ||
| 082 |
_222 _a005.26220 |
||
| 100 | _aSchildt, Herbert | ||
| 245 |
_aUsing Turbo C : _bProgramming Series / |
||
| 260 |
_aU.S.A _bMcGraw- Hill, _c NA |
||
| 300 |
_axiv, 431 p. ; _bill. ; _c24 cm. |
||
| 942 |
_2ddc _cIT _01 |
||
| 999 |
_c5860 _d5860 |
||